| 000 | 00775nam a2200241 a 4500 | ||
|---|---|---|---|
| 001 | BRCA_4435 | ||
| 005 | 20190320204653.0 | ||
| 008 | 230810s1946----sp-a###f##---#001-0#spa-# | ||
| 041 | _aspa | ||
| 044 | _asp | ||
| 084 |
_aN7628.C4 _b.G58 2 _c1946 |
||
| 100 | 1 |
_aGivanel Mas y Gaziel, Juan _910998 |
|
| 245 | 1 | 0 |
_aHistoria gráfica de Cervantes y del Quijote _cpor Juan Givanel Mas y Gaziel. |
| 260 |
_aMadrid, España _bPlus-Ultra _c1946 |
||
| 300 |
_a576 p. _bil. (algunas a color), 321 láminas _c27 cm. |
||
| 500 | _aIncluye índice onomástico | ||
| 500 | _aEjemplar igual a AM79 | ||
| 500 | _aR60 | ||
| 504 | _aBibliografía: p. 567-570 | ||
| 600 | 1 | 4 |
_aCervantes Saavedra, Miguel de _d1547-1616 _tDon Quijote _xIlustraciones _911245 |
| 902 | _aGFM | ||
| 942 |
_2lcc _cB |
||
| 999 |
_c4144 _d4144 |
||